00794nam a2200181Ia 4500008004100000040001800041041000800059245009100067260006300158300001800221490006200239500005300301500002200354650002600376650006200402700003600464710011200500130821s1975 ck gr spa  aCo-BoUCMbspa aspa00aObras en marcha 1 la nueva literatura Colombianaccompilador Juan Gustavo Cobo Borda. aBogotá (Colombia)bInstituto Colombiano de Culturac1975 a319 páginas 0aBiblioteca Colombiana de Cultura.v4aColección Popular aEl ejemplar No.2 es Donación UCM-C-ARRAYANES. aIncluye índice.04aLiteratura colombiana04aLiteratura colombianaxCrítica e interpretación, etc.1 aCobo Borda, Juan Gustavoecomp.1 aInstituto Colombiano de Cultura.bSubdirección de Comunicaciones Culturales.bDivisión de Publicaciones